Normal view
MARC view
- Hari T.N
Entry Personal Name
001 - CONTROL NUMBER
- control field: 201874
003 - CONTROL NUMBER IDENTIFIER
- control field: OSt
005 - DATE AND TIME OF LATEST TRANSACTION
- control field: 20230714220642.0
008 - FIXED-LENGTH DATA ELEMENTS
- fixed length control field: 230714|| aca||aabn | a|a d
040 ## - CATALOGING SOURCE
- Original cataloging agency: OSt
- Transcribing agency: OSt
100 ## - HEADING--PERSONAL NAME
- Personal name: Hari T.N
670 ## - SOURCE DATA FOUND
- Source citation: Work cat.: (OSt)226337: Hari T.N., Saying No To Jugaad, 2019